Textbook of historiography (Record no. 143097)

MARC details
000 -LEADER
fixed length control field 00508nam a2200205Ia 4500
003 - CONTROL NUMBER IDENTIFIER
control field OSt
005 - DATE AND TIME OF LATEST TRANSACTION
control field 20250916155636.0
008 - FIXED-LENGTH DATA ELEMENTS--GENERAL INFORMATION
fixed length control field 210210b2009 xxu||||| |||| 00| 0 eng d
020 ## - INTERNATIONAL STANDARD BOOK NUMBER
International Standard Book Number 8125026576
040 ## - CATALOGING SOURCE
Transcribing agency AL
041 ## - LANGUAGE CODE
Language code of text/sound track or separate title eng
082 ## - DEWEY DECIMAL CLASSIFICATION NUMBER
Classification number 907.2 SRET
100 ## - MAIN ENTRY--PERSONAL NAME
Personal name Sreedharan E
9 (RLIN) 238882
245 ## - TITLE STATEMENT
Title Textbook of historiography
Remainder of title : 500 BC to AD 2000
260 ## - PUBLICATION, DISTRIBUTION, ETC.
Place of publication, distribution, etc. Hyderabad
Name of publisher, distributor, etc. Orient BlackSwan
Date of publication, distribution, etc. 2009
300 ## - PHYSICAL DESCRIPTION
Extent xv,570p
690 ## - LOCAL SUBJECT ADDED ENTRY--TOPICAL TERM (OCLC, RLIN)
Topical term or geographic name as entry element Historiography
9 (RLIN) 238891
906 ## - LOCAL DATA ELEMENT F, LDF (RLIN)
a 065515
942 ## - ADDED ENTRY ELEMENTS (KOHA)
Source of classification or shelving scheme Dewey Decimal Classification
Koha item type Book
Holdings
Withdrawn status Lost status Source of classification or shelving scheme Damaged status Not for loan Collection code Home library Current library Date acquired Source of acquisition Cost, normal purchase price Total Checkouts Full call number Barcode Date last seen Date last checked out Price effective from Koha item type
    Dewey Decimal Classification     History St Aloysius Library St Aloysius Library 02/17/2021 Knowledge World, Bangalore-18 375.00 1 907.2 SRET 065515 03/06/2023 02/24/2023 02/17/2021 Book